België - Het Goede Doel Lyrics - Statistics

General Stats
  • This quiz has been taken 40 times
  • The average score is 174 of 243
Answer Stats
Answer % Correct
ik
88%
Ik
88%
is
88%
Is
88%
België
85%
kan
85%
zo
85%
daar
81%
de
81%
Duitsland
81%
heen
81%
niet
81%
Niet
81%
Waar
81%
waar
81%
En
77%
ga
77%
heb
77%
het
77%
naar
77%
over
77%
ze
77%
getwijfeld
73%
maan
73%
Polen
73%
te
73%
wil
73%
zijn
73%
Amerika
69%
China
69%
eng
69%
er
69%
je
69%
me
69%
Nederland
69%
op
69%
pluto
69%
streng
69%
Want
69%
gaat
65%
goed
65%
leven
65%
Chili
62%
dansen
62%
dat
62%
Dat
62%
doen
62%
een
62%
in
62%
land
62%
sterren
62%
wat
62%
zacht
62%
alles
58%
gaan
58%
geen
58%
koud
58%
kun
58%
Maar
58%
ver
58%
echt
54%
enkel
54%
iedereen
54%
nam
54%
plaats
54%
risico
54%
Schotland
54%
tussen
54%
weg
54%
wonen
54%
zelfs
54%
bestaat
50%
betreft
50%
Cuba
50%
druk
50%
dubio
50%
lacht
50%
Omdat
50%
stuk
50%
taaltje
50%
Lapland
46%
stond
46%
uit
46%
USSSR
46%
heet
42%
Koeweit
42%
nat
42%
Noord-Ierland
42%
krijg
38%
benauwd
35%
hier
35%
net
35%
wordt
27%
zoet
27%
No matching quizzes found
Score Distribution
Percent of People with Each Score
Percentile by Number Answered
Your Score History
You have not taken this quiz